Návrh "face to face" komunikačnej kampane Obchodnej fakulty so zameraním na potenciálnych uchádzačov o štúdium diplomová práca

Uložené v:
Podrobná bibliografia
Hlavný autor: Kucharová, Nikoleta
Korporativný autor: Obchodná fakulta EU. Katedra marketingu
Ďalší autori: Drábik, Peter, 1981-
Médium: Kniha
Jazyk:Slovak
Vydavateľské údaje: Bratislava 2020
Tagy: Pridať tag
Žiadne tagy, Buďte prvý, kto otaguje tento záznam!

MARC

LEADER 00000nbm a2200000 4500
001 0266344
005 20201006135020.6
041 0 |a slo 
044 |a SK 
245 1 0 |a Návrh "face to face" komunikačnej kampane Obchodnej fakulty so zameraním na potenciálnych uchádzačov o štúdium  |b diplomová práca  |c Nikoleta Kucharová ; školiteľ: Peter Drábik 
264 1 |a Bratislava  |c 2020 
300 |a 78 s. 
100 1 |a Kucharová, Nikoleta 
700 1 |a Drábik, Peter, 1981- 
710 2 |a Obchodná fakulta EU. Katedra marketingu